Statistics for John Legend Discography

Click here to take the quiz!

General Stats

  • This quiz has been taken 5 times
  • The average score is 8 of 15

Answer Stats

TypeYearName% Correct
Album2013Love in the Future
100%
Album2016Darkness and Light
80%
Album2004Get Lifted
80%
Album2008Evolver
60%
Album2006Once Again
60%
Collaborative Album2010Wake Up!
60%
EP2005Connect Sets
40%
Live EP2011iTunes Live from Soho
40%
Video Album2005John Legend: Live at the House of Blues
40%
Video Album2008John Legend: Live from Philadelphia
40%
Live Album2008John Legend: Live from Philadelphia
40%
Live Album2001Live at Jimmy's Uptown
40%
Live Album2003Live at SOB's
40%
Live Album2004Solo Sessions Vol. 1: Live at the Knitting Factory
40%
EP2006Sounds of the Season
40%

Score Distribution

Percentile by Number Answered

Percent of People with Each Score

Your Score History

You have not taken this quiz